Radiowozy na świecie [dla geomexa] - Statystyki

Ogólne statystyki
  • Ten quiz został rozwiązany 8 razy
  • Średni wynik to 4 z 11
Statystyki odpowiedzi
Obrazkowy Odpowiedź % Poprawnych
Finlandia
83%
czechy
67%
Meksyk
67%
Andorra
33%
Republika Południowej Afryki
33%
Turcja
33%
Ukraina
33%
Wenezuela
33%
Albania
17%
Korea Południowa
17%
Syria
17%
Nie znaleziono quizów pasujących do podanych kryteriów
Rozkład punktacji
Procent ludzi z każdym wynikiem
Percentyl według liczby udzielonych odpowiedzi
Twoja historia wyników
Nie rozwiązałeś tego quizu